| 000 -LEADER |
| fixed length control field |
01091cam a22003132a 4500 |
| 001 - CONTROL NUMBER |
| control field |
.b14202700 |
| 003 - CONTROL NUMBER IDENTIFIER |
| control field |
OSt |
| 005 - DATE AND TIME OF LATEST TRANSACTION |
| control field |
20191226143510.0 |
| 008 - FIXED-LENGTH DATA ELEMENTS--GENERAL INFORMATION |
| fixed length control field |
151025s2015 nyu j 000 f eng d |
| 020 ## - INTERNATIONAL STANDARD BOOK NUMBER |
| International Standard Book Number |
0062367013 |
| 020 ## - INTERNATIONAL STANDARD BOOK NUMBER |
| International Standard Book Number |
9780062367013 |
| Qualifying information |
(pbk.) : |
| 040 ## - CATALOGING SOURCE |
| Original cataloging agency |
KUAS |
| Language of cataloging |
eng |
| Transcribing agency |
DIPPER |
| Description conventions |
rda |
| 041 0# - LANGUAGE CODE |
| Language code of text/sound track or separate title |
eng |
| 042 ## - AUTHENTICATION CODE |
| Authentication code |
nbic |
| 082 ## - DEWEY DECIMAL CLASSIFICATION NUMBER |
| Classification number |
FIC HUN |
| 100 1# - MAIN ENTRY--PERSONAL NAME |
| Personal name |
Hunter, Erin, |
| Relator term |
author. |
| 245 10 - TITLE STATEMENT |
| Title |
Darkest hour / |
| Statement of responsibility, etc. |
Erin Hunter. |
| 250 ## - EDITION STATEMENT |
| Edition statement |
Revised paperback edition. |
| 260 ## - PUBLICATION, DISTRIBUTION, ETC. |
| Place of publication, distribution, etc. |
New York, NY : |
| Name of publisher, distributor, etc. |
Harper, an imprint of HarperCollins Publishers, |
| Date of publication, distribution, etc. |
2015. |
| 300 ## - PHYSICAL DESCRIPTION |
| Extent |
315, 20 pages : |
| Other physical details |
illustrations ; map ; |
| Dimensions |
20 cm. |
| 440 ## - SERIES STATEMENT/ADDED ENTRY--TITLE |
| Title |
Warriors ; |
| Number of part/section of a work |
bk 6. |
| 440 ## - SERIES STATEMENT/ADDED ENTRY--TITLE |
| Title |
The prophecies begin ; |
| Number of part/section of a work |
bk 6. |
| 520 ## - SUMMARY, ETC. |
| Summary, etc. |
ThunderClan's darkest hour is upon them and Fireheart, the warrior cat, must protect his clan from a threat unlike any the forest has ever seen, as the time comes for prophecies to unfold and heroes to rise. |
| 650 #0 - SUBJECT ADDED ENTRY--TOPICAL TERM |
| Topical term or geographic name entry element |
Cats |
| General subdivision |
Fiction. |
| 650 #0 - SUBJECT ADDED ENTRY--TOPICAL TERM |
| Topical term or geographic name entry element |
Cats |
| General subdivision |
Juvenile fiction. |
| 650 #0 - SUBJECT ADDED ENTRY--TOPICAL TERM |
| Topical term or geographic name entry element |
Fantasy. |
| 650 #0 - SUBJECT ADDED ENTRY--TOPICAL TERM |
| Topical term or geographic name entry element |
Heroes |
| General subdivision |
Juvenile fiction. |
| 942 ## - ADDED ENTRY ELEMENTS (KOHA) |
| Source of classification or shelving scheme |
|
| Koha item type |
Books - Fiction |